Станции метро Голубой ветки Москвы - Statistics

General Stats
  • This quiz has been taken 33 times
  • The average score is 11 of 13
Answer Stats
Answer % Correct
Арбатская
93%
Смоленская
89%
Фили
89%
Александровский сад
86%
Кунцевская
86%
Москва-Сити
82%
Филёвский парк
82%
Деловой центр
79%
Кутузовская
79%
Пионерская
79%
Киевская
75%
Багратионовская
75%
Студенческая
68%
No matching quizzes found
Score Distribution
Percent of People with Each Score
Percentile by Number Answered
Your Score History
You have not taken this quiz